LEADER 02030oas 2200781 a 450 001 9910147030903321 005 20251105213014.0 011 $a1873-6149 035 $a(DE-599)ZDB2012947-6 035 $a(DE-599)2012947-6 035 $a(OCoLC)38995476 035 $a(CONSER) 2002238971 035 $a(CKB)954926245534 035 $a(EXLCZ)99954926245534 100 $a19980422a19939999 sy a 101 0 $aeng 135 $aurcn||||||||| 181 $ctxt$2rdacontent 182 $cc$2rdamedia 183 $acr$2rdacarrier 200 10$aInternational business review 210 $a[Oxford] ;$a[New York] $cPergamon 300 $aRefereed/Peer-reviewed 311 08$a0969-5931 606 $aInternational business enterprises$vPeriodicals 606 $aInternational business enterprises$vPeriodicals 606 $aEntreprises multinationales$xPe?riodiques 606 $aEntreprises multinationales$vPe?riodiques 606 $aInternational business enterprises$2fast$3(OCoLC)fst00976774 608 $aPeriodicals.$2fast 615 0$aInternational business enterprises 615 0$aInternational business enterprises 615 6$aEntreprises multinationales$xPe?riodiques. 615 6$aEntreprises multinationales 615 7$aInternational business enterprises. 801 0$bOH1 801 1$bOH1 801 2$bOCL 801 2$bOCLCQ 801 2$bIUL 801 2$bOCLCQ 801 2$bU9S 801 2$bGUA 801 2$bCUD 801 2$bCCO 801 2$bOCLCQ 801 2$bOCLCO 801 2$bOCLCQ 801 2$bTEF 801 2$bOCLCO 801 2$bOCLCF 801 2$bOCLCO 801 2$bOCLCQ 801 2$bNLE 801 2$bUKMGB 801 2$bVT2 801 2$bNJT 801 2$bOCLCO 801 2$bQGK 801 2$bOCLCO 801 2$bOCLCQ 801 2$bUAB 801 2$bAUD 801 2$bOCLCQ 906 $aJOURNAL 912 $a9910147030903321 996 $aInternational business review$9793018 997 $aUNINA